ბათუმის შოთა რუსთაველის სახელმწიფო უნივერსიტეტის ბიბლიოთეკა

ლენინს-ქართველი პოეტები (ბიბ.ჩანაწერი № 42384)

000 -LEADER
fixed length control field 00954nam a2200229Ia 4500
001 - CONTROL NUMBER
control field 9080
003 - CONTROL NUMBER IDENTIFIER
control field GE_BSU
008 - FIXED-LENGTH DATA ELEMENTS--GENERAL INFORMATION
fixed length control field 181216s||||||||xx |||||||||||||| ||und||
040 ## - CATALOGING SOURCE
Transcribing agency GE_BSU
080 ## - UNIVERSAL DECIMAL CLASSIFICATION NUMBER
Universal Decimal Classification number 821.353.1-1
245 ## - TITLE STATEMENT
Title ლენინს-ქართველი პოეტები
245 ## - TITLE STATEMENT
Remainder of title ლექსები
245 ## - TITLE STATEMENT
Statement of responsibility, etc. სარედ:კოლეგია:ირაკლი აბაშიძე;ამირან გაბესკირია;რევაზ მარგიანი;ბესარიონ ჟღენტი;სერგი ჭილაია;მხატვ:ი.ჯანაშვილი.
260 ## - PUBLICATION, DISTRIBUTION, ETC.
Place of publication, distribution, etc. თბილისი.
260 ## - PUBLICATION, DISTRIBUTION, ETC.
Name of publisher, distributor, etc. საბჭ.მწერალი.
260 ## - PUBLICATION, DISTRIBUTION, ETC.
Date of publication, distribution, etc. 1960
300 ## - PHYSICAL DESCRIPTION
Extent 209გვ;27სმ
300 ## - PHYSICAL DESCRIPTION
Other physical details 1ფ. პორტრ,
653 ## - INDEX TERM--UNCONTROLLED
Uncontrolled term ლენინს-ქართველი პოეტები
653 ## - INDEX TERM--UNCONTROLLED
Uncontrolled term ლექსები
942 ## - ADDED ENTRY ELEMENTS (KOHA)
Koha item type წიგნი
ეგზემპლარები
Withdrawn status Lost status Damaged status Not for loan Date acquired Barcode Date last seen Price effective from Koha item type
        2018-12-17 31791 2018-12-17 2018-12-17 წიგნი